000 00371 a2200145 4500
001 181510
020 _a
040 _cMagnum
100 _aHermoso, A. Gonzalez
240 1 0 _aEspanol lengua extranjera - curso practico - nivel 3
_lESP
245 1 0 _aEspanol lengua extranjera - curso practico - nivel 3
362 0 _a1899
697 _aMAGNITO: ESPANHOL
942 _cBK
999 _c181510
_d181510